000 00648nam a2200217Ii 4500
003 JO-AjNU
008 230605s9999||||xx |||||||||||||| ||und||
017 _a1986/12/978
040 _aJO-AjNU
_bara
_erda
_cJO-AjNU
041 _aara
050 1 4 _aPN2037.R5245 1987
100 3 _aعصمت،رياض,
_eauthor
_914002
245 0 0 _aشيطان المسرح: كتاب نقدي عن المسرح في العالم
250 _aط1
264 3 1 _aدمشق: دار طلاس، 1987
300 _a662ص
336 _atext
_btxt
_2rdacontent
337 _aunmediated
_bn
_2rdamedia
338 _avolume
_bnc
_2rdacarrier
650 4 _aالمسرح
_914003
999 _aA3630
_c7198
_d7198